Tratado de direito penal / (Record no. 456)

MARC details
000 -LÍDER
Campo Fixo de Controle 00781nam a2200241 a 4500
001 - NÚMERO DE CONTROLE
Campo de Controle 456
003 - IDENTIFICAÇÃO DO NÚMERO DE CONTROLE
Campo de Controle BR-CuiBMT
005 - DATA E HORA DA ÚLTIMA ATUALIZAÇÃO
Campo de Controle 20231129134512.0
008 - DADOS FIXOS
Dados Fixos 231107s2012 spb 000 0 por d
040 ## - AGÊNCIA CATALOGADORA
Código da Agência Catalogadora BR-CuiBMT
Agência que transcreveu o registro BR-CuiBMT
080 ## - Nº DA CLASSIFICAÇÃO DECIMAL UNIVERSAL
Nº Class. CDU 343.2/.7
Nº edição CDU 2007
090 ## - NÚMERO DE CHAMADA
Nº classificação 343.2/.7
Cutter B624t
Ano/Edição 6. ed.
100 1# - ENTRADA PRINCIPAL -- AUTOR PESSOAL
Nome pessoal Bitencourt, Cezar Roberto
245 10 - TÍTULO PRINCIPAL
Título principal Tratado de direito penal /
Indicação de responsabilidade Cezar Roberto Bitencourt.
250 ## - EDIÇÃO
Edição 6. ed., rev. e ampl.
260 ## - PUBLICAÇÃO, DISTRIBUIÇÃO, ETC.
Local de publicação São Paulo :
Editora Saraiva,
Data 2012.
300 ## - DESCRIÇÃO FÍSICA
N. páginas ou volumes v. ;
Dimensões 23 cm
504 ## - NOTA DE BIBLIOGRAFIA, ETC.
Nota de bibliografia inclui bibliografia.
505 1# - NOTA DE CONTEÚDO
Nota de conteúdo v. 5. Parte especial : dos crimes contra a administração pública e dos crimes praticados por prefeitos
650 ## - ASSUNTO TÓPICO
Cabeçalho tópico ou nome geográfico Direito penal
Subdivisão geográfica Brasil
650 ## - ASSUNTO TÓPICO
Cabeçalho tópico ou nome geográfico Administração pública
Subdivisão de forma Crimes
Subdivisão geográfica Brasil
942 ## - ELEMENTOS DE ENTRADA ADICIONAIS (KOHA)
Fonte de classificação ou esquema de arquivamento Classificação Decimal Universal
Tipo de item do Koha Livros
Holdings
Estado: removido Estado: perdido Fonte de classificação ou esquema de arquivamento Estado: danificado Indisponível para empréstimo Localização permanente Localização atual Data de aquisição Numeração serial ou cronológica (Volume) Total Checkouts Número de Chamada completo Código de barras Date last seen Número do exemplar Preço efetivo a partir de Tipo de item (Koha)
    Classificação Decimal Universal     Biblioteca da Escola Superior de Contas do TCE/MT Biblioteca da Escola Superior de Contas do TCE/MT 02/04/2013 v. 5   343.2/.7 B624t 6. ed. BIBTCEMT23110209 07/11/2023 Ex. 1 07/11/2023 Livros

Powered by Koha